[Event "Marianske Lazne 2023"]
[Site "?"]
[Date "2023.01.17"]
[Round "5.9"]
[White "Haba, Petr"]
[Black "Krejci, Jan"]
[Result "0-1"]
[BlackElo "2522"]
[WhiteElo "2450"]
[LiveChessVersion "1.4.8"]

1. e4 {[%clk 1:30:47]} e5 {[%clk 1:30:32]} 2. Nf3 {[%clk 1:31:11]} Nc6
{[%clk 1:30:59]} 3. Bb5 {[%clk 1:31:17]} a6 {[%clk 1:31:25]} 4. Ba4
{[%clk 1:31:42]} Nf6 {[%clk 1:31:39]} 5. O-O {[%clk 1:31:58]} Be7
{[%clk 1:32:04]} 6. Re1 {[%clk 1:32:12]} b5 {[%clk 1:32:28]} 7. Bb3
{[%clk 1:32:37]} O-O {[%clk 1:32:30]} 8. c3 {[%clk 1:32:41]} d6 {[%clk 1:32:53]}
9. h3 {[%clk 1:32:59]} Na5 {[%clk 1:32:03]} 10. Bc2 {[%clk 1:33:19]} c5
{[%clk 1:32:30]} 11. d4 {[%clk 1:33:21]} Qc7 {[%clk 1:32:56]} 12. d5
{[%clk 1:32:18]} Bd7 {[%clk 1:30:00]} 13. b3 {[%clk 1:31:58]} Nb7
{[%clk 1:30:07]} 14. Be3 {[%clk 1:31:52]} g6 {[%clk 1:28:13]} 15. Nbd2
{[%clk 1:28:46]} Nh5 {[%clk 1:24:37]} 16. Nf1 {[%clk 1:28:18]} Ng7
{[%clk 1:22:23]} 17. Ng3 {[%clk 1:11:52]} f6 {[%clk 1:22:12]} 18. Qd2
{[%clk 1:09:57]} Nd8 {[%clk 1:20:48]} 19. Nh2 {[%clk 1:03:44]} Nf7
{[%clk 1:18:59]} 20. f4 exf4 {[%clk 1:16:25]} 21. Bxf4 {[%clk 0:58:37]} Ne5
{[%clk 1:14:17]} 22. Rf1 {[%clk 0:52:30]} c4 {[%clk 1:09:12]} 23. b4
{[%clk 0:39:35]} a5 {[%clk 1:09:41]} 24. a3 {[%clk 0:39:44]} Ra6 {[%clk 1:09:24]}
25. Ne2 {[%clk 0:28:34]} Qa7+ {[%clk 1:07:38]} 26. Be3 {[%clk 0:27:28]} Qa8
{[%clk 1:08:07]} 27. Rad1 {[%clk 0:19:08]} axb4 {[%clk 1:08:00]} 28. axb4
{[%clk 0:17:59]} Ra2 {[%clk 1:07:49]} 29. Nd4 {[%clk 0:17:25]} f5
{[%clk 1:04:48]} 30. Bg5 {[%clk 0:14:36]} Qd8 {[%clk 1:01:10]} 31. Bxe7
{[%clk 0:12:51]} Qxe7 {[%clk 1:01:39]} 32. Ra1 {[%clk 0:11:51]} Rfa8
{[%clk 0:55:51]} 33. Rxa2 {[%clk 0:12:07]} Rxa2 {[%clk 0:56:19]} 34. Qe3
{[%clk 0:09:41]} Nf7 {[%clk 0:37:34]} 35. Bb1 {[%clk 0:08:51]} Ra8
{[%clk 0:35:26]} 36. Nhf3 {[%clk 0:06:55]} Nh5 {[%clk 0:35:04]} 37. Re1
{[%clk 0:05:24]} f4 {[%clk 0:34:46]} 38. Qf2 {[%clk 0:04:11]} Ng3
{[%clk 0:32:21]} 39. Ne2 {[%clk 0:02:25]} Nxe2+ {[%clk 0:31:51]} 40. Rxe2
{[%clk 0:01:11]} Ne5 {[%clk 0:30:19]} 41. Ra2 {[%clk 0:29:41]} Rxa2
{[%clk 0:57:31]} 42. Bxa2 {[%clk 0:29:58]} Nxf3+ {[%clk 0:56:02]} 43. Qxf3
{[%clk 0:30:19]} Qe5 {[%clk 0:55:28]} 44. Bb1 {[%clk 0:30:01]} Kg7
{[%clk 0:55:09]} 45. Kf2 {[%clk 0:27:31]} h5 {[%clk 0:53:40]} 46. Ke2
{[%clk 0:26:36]} Kh6 {[%clk 0:51:43]} 47. Kd2 {[%clk 0:26:42]} g5
{[%clk 0:51:51]} 48. Qf2 {[%clk 0:26:14]} g4 {[%clk 0:51:06]} 49. hxg4
{[%clk 0:24:58]} hxg4 {[%clk 0:49:28]} 50. Qh4+ {[%clk 0:16:22]} Kg7
{[%clk 0:49:51]} 51. Bc2 {[%clk 0:15:01]} f3 {[%clk 0:41:50]} 52. gxf3
{[%clk 0:13:37]} Qf4+ {[%clk 0:42:14]} 53. Kd1 {[%clk 0:14:02]} Qxf3+
{[%clk 0:42:39]} 54. Kc1 {[%clk 0:14:30]} Qf6 {[%clk 0:42:39]} 55. Qg3
{[%clk 0:10:13]} Kf7 {[%clk 0:35:08]} 56. Kd2 {[%clk 0:08:40]} Ke7
{[%clk 0:34:19]} 57. Ke2 {[%clk 0:08:53]} Qg5 {[%clk 0:34:16]} 58. Bd1
{[%clk 0:08:05]} Be8 {[%clk 0:31:18]} 59. Kf2 {[%clk 0:07:53]} Bd7
{[%clk 0:29:21]} 60. Be2 {[%clk 0:07:13]} Qg6 {[%clk 0:27:24]} 61. Qe3
{[%clk 0:05:38]} Qf6+ {[%clk 0:25:14]} 62. Kg1 {[%clk 0:05:03]} Qe5
{[%clk 0:23:18]} 63. Kg2 {[%clk 0:05:12]} Kf7 {[%clk 0:22:31]} 64. Kg1
{[%clk 0:05:05]} Bf5 {[%clk 0:20:08]} 65. Qa7+ {[%clk 0:04:28]} Kf6
{[%clk 0:20:36]} 66. exf5 {[%clk 0:01:52]} Qxe2 {[%clk 0:21:03]} 67. Qd7
{[%clk 0:02:06]} Qe3+ {[%clk 0:20:43]} 68. Kg2 {[%clk 0:02:20]} Qf3+
{[%clk 0:21:00]} 69. Kg1 {[%clk 0:02:49]} Qxd5 {[%clk 0:20:53]} 0-1

[Event "Marianske Lazne 2023"]
[Site "?"]
[Date "2023.01.17"]
[Round "5.10"]
[White "Ricken, Katharina"]
[Black "Can, Isik"]
[Result "1/2-1/2"]
[BlackElo "2488"]
[WhiteElo "2177"]
[LiveChessVersion "1.4.8"]

1. Nf3 {[%clk 1:30:57]} Nf6 {[%clk 1:30:54]} 2. g3 {[%clk 1:31:23]} g6
{[%clk 1:31:21]} 3. b3 {[%clk 1:31:49]} d5 {[%clk 1:31:47]} 4. Bb2
{[%clk 1:32:15]} c5 {[%clk 1:32:13]} 5. c4 {[%clk 1:32:40]} d4 {[%clk 1:32:39]}
6. b4 {[%clk 1:33:04]} Nc6 {[%clk 1:33:04]} 7. bxc5 {[%clk 1:33:29]} e5
{[%clk 1:33:28]} 8. d3 {[%clk 1:33:39]} Bxc5 {[%clk 1:33:52]} 9. Bg2
{[%clk 1:33:57]} O-O {[%clk 1:34:01]} 10. O-O {[%clk 1:34:24]} Re8
{[%clk 1:34:24]} 11. Ba3 {[%clk 1:33:14]} Nb4 {[%clk 1:34:47]} 12. Qb3
{[%clk 1:30:45]} a5 {[%clk 1:35:05]} 13. Nbd2 {[%clk 1:26:31]} h6
{[%clk 1:24:02]} 14. Bc1 {[%clk 1:19:24]} Bf8 {[%clk 1:23:04]} 15. Ne1
{[%clk 1:17:45]} Nd7 {[%clk 1:18:57]} 16. Nc2 {[%clk 1:16:34]} Nc5
{[%clk 1:18:41]} 17. Qb1 {[%clk 1:16:00]} Na4 {[%clk 1:18:52]} 18. Qb3
{[%clk 1:13:08]} Nc3 {[%clk 1:17:51]} 19. Re1 {[%clk 1:12:40]} a4
{[%clk 1:05:39]} 20. Qb2 {[%clk 1:12:35]} Nc6 {[%clk 0:55:22]} 21. a3
{[%clk 1:11:47]} Ra6 {[%clk 0:55:11]} 22. Nb4 {[%clk 1:11:14]} Rb6
{[%clk 0:55:05]} 23. Nxc6 {[%clk 1:10:40]} bxc6 {[%clk 0:54:33]} 24. Qc2
{[%clk 1:11:02]} Bg4 {[%clk 0:48:15]} 25. Ne4 {[%clk 0:57:27]} Nxe4
{[%clk 0:48:27]} 26. Bxe4 {[%clk 0:57:45]} Qa8 {[%clk 0:48:44]} 27. Bd2
{[%clk 0:51:45]} Kh7 {[%clk 0:39:08]} 28. c5 {[%clk 0:50:23]} Rb5
{[%clk 0:38:35]} 29. Bb4 {[%clk 0:50:36]} Be6 {[%clk 0:38:45]} 30. Rac1
{[%clk 0:49:35]} h5 {[%clk 0:37:56]} 31. e3 {[%clk 0:49:04]} Bh6 {[%clk 0:35:44]}
32. Qe2 {[%clk 0:48:05]} Bg4 {[%clk 0:31:59]} 33. Bf3 {[%clk 0:47:39]} Bf5
{[%clk 0:31:21]} 34. Rc4 {[%clk 0:45:28]} Rbb8 {[%clk 0:25:57]} 35. exd4
{[%clk 0:41:12]} exd4 {[%clk 0:26:23]} 36. Qd1 {[%clk 0:41:00]} Rxe1+
{[%clk 0:21:55]} 37. Qxe1 {[%clk 0:40:57]} Rd8 {[%clk 0:20:18]} 38. Be4
{[%clk 0:37:57]} Qc8 {[%clk 0:19:06]} 39. Ba5 {[%clk 0:34:44]} Bxe4
{[%clk 0:15:41]} 40. Qxe4 {[%clk 0:34:06]} Re8 {[%clk 0:15:43]} 41. Qf3
{[%clk 0:31:15]} Qd7 {[%clk 0:09:57]} 42. Kg2 {[%clk 0:15:05]} f5
{[%clk 0:14:57]} 43. Bb4 {[%clk 0:39:43]} Rf8 {[%clk 0:09:36]} 44. h3
{[%clk 0:38:43]} Re8 {[%clk 0:09:27]} 45. Rc2 {[%clk 0:35:58]} Re5
{[%clk 0:05:54]} 46. Re2 {[%clk 0:35:04]} Rxe2 {[%clk 0:06:19]} 47. Qxe2
{[%clk 0:35:33]} Qd5+ {[%clk 0:06:49]} 48. Kg1 {[%clk 0:30:14]} h4
{[%clk 0:05:39]} 1/2-1/2

[Event "Marianske Lazne 2023"]
[Site "?"]
[Date "2023.01.17"]
[Round "5.11"]
[White "Pourquet, Matthieu"]
[Black "Koridze, Lile"]
[Result "1-0"]
[BlackElo "2139"]
[WhiteElo "2212"]
[LiveChessVersion "1.4.8"]

1. c4 {[%clk 1:28:58]} e5 {[%clk 1:30:55]} 2. Nc3 {[%clk 1:29:24]} Nf6
{[%clk 1:31:22]} 3. Nf3 {[%clk 1:29:49]} Nc6 {[%clk 1:31:14]} 4. d4
{[%clk 1:30:15]} exd4 {[%clk 1:29:54]} 5. Nxd4 {[%clk 1:30:38]} Nxd4
{[%clk 1:30:10]} 6. Qxd4 {[%clk 1:31:02]} d6 {[%clk 1:30:25]} 7. g3
{[%clk 1:27:24]} Be7 {[%clk 1:26:40]} 8. Bg2 {[%clk 1:27:28]} O-O
{[%clk 1:25:53]} 9. O-O {[%clk 1:27:51]} a6 {[%clk 1:25:56]} 10. Rd1
{[%clk 1:16:19]} Rb8 {[%clk 1:24:54]} 11. a4 {[%clk 1:14:02]} Be6
{[%clk 1:23:26]} 12. b3 {[%clk 1:08:34]} Nd7 {[%clk 1:21:32]} 13. Qd3
{[%clk 1:07:56]} Bf6 {[%clk 1:18:21]} 14. Rb1 {[%clk 1:06:48]} Ne5
{[%clk 1:06:28]} 15. Qc2 {[%clk 1:04:48]} Nc6 {[%clk 1:06:46]} 16. Ne4
{[%clk 0:56:48]} Bf5 {[%clk 1:04:09]} 17. Qd2 {[%clk 0:38:24]} Be5
{[%clk 0:48:59]} 18. Ba3 {[%clk 0:32:48]} Re8 {[%clk 0:48:00]} 19. e3
{[%clk 0:26:35]} Qe7 {[%clk 0:39:13]} 20. Rbc1 {[%clk 0:25:16]} Rbd8
{[%clk 0:35:18]} 21. Nc3 {[%clk 0:25:20]} Bxc3 {[%clk 0:35:28]} 22. Qxc3
{[%clk 0:24:02]} Be4 {[%clk 0:35:24]} 23. f3 {[%clk 0:23:38]} Bg6
{[%clk 0:34:24]} 24. e4 {[%clk 0:20:17]} f5 {[%clk 0:32:08]} 25. exf5
{[%clk 0:20:28]} Bxf5 {[%clk 0:31:49]} 26. Re1 {[%clk 0:20:48]} Qg5
{[%clk 0:30:24]} 27. Bb2 {[%clk 0:20:36]} Qg6 {[%clk 0:27:19]} 28. f4
{[%clk 0:19:34]} h5 {[%clk 0:25:33]} 29. b4 {[%clk 0:18:24]} a5 {[%clk 0:24:13]}
30. bxa5 {[%clk 0:17:30]} Ra8 {[%clk 0:22:53]} 31. a6 {[%clk 0:16:49]} Rxe1+
{[%clk 0:22:59]} 32. Rxe1 {[%clk 0:17:13]} Rxa6 {[%clk 0:23:13]} 33. Bxc6
{[%clk 0:17:10]} Rxc6 {[%clk 0:23:37]} 34. Re7 {[%clk 0:17:30]} Kf8
{[%clk 0:23:32]} 35. Rxg7 {[%clk 0:17:08]} Qh6 {[%clk 0:23:21]} 36. Rg5
{[%clk 0:12:02]} Rc5 {[%clk 0:22:13]} 37. Ba3 {[%clk 0:12:05]} 1-0

[Event "Marianske Lazne 2023"]
[Site "?"]
[Date "2023.01.17"]
[Round "5.12"]
[White "Plischki, Sebastian"]
[Black "Terhuven, Patrick"]
[Result "1/2-1/2"]
[BlackElo "2174"]
[WhiteElo "2331"]
[LiveChessVersion "1.4.8"]

1. Nf3 {[%clk 1:30:56]} c5 {[%clk 1:30:43]} 2. c4 {[%clk 1:31:12]} g6
{[%clk 1:31:00]} 3. d4 {[%clk 1:31:17]} cxd4 {[%clk 1:31:22]} 4. Nxd4
{[%clk 1:31:40]} Nc6 {[%clk 1:31:17]} 5. e4 {[%clk 1:31:53]} Nf6 {[%clk 1:31:29]}
6. Nc3 {[%clk 1:32:14]} Nxd4 {[%clk 1:31:48]} 7. Qxd4 {[%clk 1:32:35]} d6
{[%clk 1:32:14]} 8. f3 {[%clk 1:32:27]} Bg7 {[%clk 1:32:25]} 9. Be3
{[%clk 1:32:48]} O-O {[%clk 1:32:21]} 10. Qd2 {[%clk 1:33:06]} Be6
{[%clk 1:32:15]} 11. Rc1 {[%clk 1:32:19]} Qa5 {[%clk 1:26:59]} 12. b3
{[%clk 1:31:27]} Rfc8 {[%clk 1:26:06]} 13. Bd3 {[%clk 1:30:24]} a6
{[%clk 1:25:15]} 14. Ne2 {[%clk 1:29:46]} Qxd2+ {[%clk 1:24:52]} 15. Kxd2
{[%clk 1:30:08]} b5 {[%clk 1:19:13]} 16. Nd4 {[%clk 1:24:54]} Bd7
{[%clk 1:15:28]} 17. cxb5 {[%clk 1:22:40]} axb5 {[%clk 1:15:07]} 18. Rxc8+
{[%clk 1:21:57]} Bxc8 {[%clk 1:15:01]} 19. Bb1 {[%clk 1:19:17]} Bd7
{[%clk 1:13:31]} 20. Rc1 {[%clk 1:19:03]} d5 {[%clk 1:09:58]} 21. e5
{[%clk 1:17:20]} Ne8 {[%clk 1:10:08]} 22. f4 {[%clk 1:16:57]} f6 {[%clk 1:09:24]}
23. e6 {[%clk 1:14:15]} Bc8 {[%clk 1:09:48]} 24. g4 {[%clk 1:13:02]} f5
{[%clk 1:07:54]} 25. gxf5 {[%clk 1:10:37]} Bxd4 {[%clk 1:07:07]} 26. Bxd4
{[%clk 1:10:57]} gxf5 {[%clk 1:07:29]} 27. Bxf5 {[%clk 1:03:31]} Rxa2+
{[%clk 1:05:24]} 28. Ke3 {[%clk 1:03:42]} Nd6 {[%clk 1:04:58]} 29. Bg4
{[%clk 0:40:59]} h5 {[%clk 1:01:05]} 30. Bxh5 {[%clk 0:22:26]} Nf5+
{[%clk 0:59:24]} 31. Kd3 {[%clk 0:21:31]} Bxe6 {[%clk 0:59:26]} 32. Ra1
{[%clk 0:16:09]} Rxa1 {[%clk 0:56:49]} 33. Bxa1 {[%clk 0:16:33]} Bf7
{[%clk 0:46:10]} 34. Bxf7+ {[%clk 0:14:44]} Kxf7 {[%clk 0:46:34]} 35. Kc3
{[%clk 0:14:58]} Ke6 {[%clk 0:45:42]} 36. Kb4 {[%clk 0:15:00]} d4
{[%clk 0:45:33]} 37. Kc5 {[%clk 0:10:57]} d3 {[%clk 0:45:35]} 38. Bc3
{[%clk 0:11:21]} Nd6 {[%clk 0:44:55]} 39. Kd4 {[%clk 0:09:29]} Kf5
{[%clk 0:45:11]} 40. Bd2 {[%clk 0:09:08]} Ne4 {[%clk 0:44:54]} 41. Kxd3
{[%clk 0:09:32]} Nxd2 {[%clk 0:38:44]} 42. Kxd2 {[%clk 0:09:56]} Kxf4
{[%clk 0:39:10]} 43. Kd3 {[%clk 0:28:40]} Kf3 {[%clk 1:04:52]} 44. Kd4
{[%clk 0:28:55]} Kf4 {[%clk 1:04:52]} 45. b4 {[%clk 0:25:45]} e5+
{[%clk 1:04:09]} 46. Kd3 {[%clk 0:26:09]} Kf3 {[%clk 1:04:32]} 47. Kd2
{[%clk 0:26:34]} Kf2 {[%clk 1:04:38]} 48. Kd3 {[%clk 0:26:59]} Kf3
{[%clk 1:05:03]} 49. Kd2 {[%clk 0:27:24]} Kf2 {[%clk 1:05:29]} 1/2-1/2

[Event "Marianske Lazne 2023"]
[Site "?"]
[Date "2023.01.17"]
[Round "5.13"]
[White "Pisk, Petr"]
[Black "Krivenko, Dion"]
[Result "1/2-1/2"]
[BlackElo "2141"]
[WhiteElo "2305"]
[LiveChessVersion "1.4.8"]

1. e4 {[%clk 1:26:58]} c5 {[%clk 1:30:56]} 2. Nf3 {[%clk 1:27:16]} e6
{[%clk 1:31:20]} 3. g3 {[%clk 1:27:32]} d5 {[%clk 1:28:34]} 4. exd5
{[%clk 1:26:24]} exd5 {[%clk 1:28:56]} 5. d4 {[%clk 1:26:36]} Nc6
{[%clk 1:28:37]} 6. Bg2 {[%clk 1:26:00]} cxd4 {[%clk 1:26:50]} 7. Nxd4
{[%clk 1:23:13]} Bc5 {[%clk 1:26:00]} 8. Nb3 {[%clk 1:20:16]} Qe7+
{[%clk 1:21:43]} 9. Qe2 {[%clk 1:19:33]} Qxe2+ {[%clk 1:16:39]} 10. Kxe2
{[%clk 1:18:07]} Bb6 {[%clk 1:16:56]} 11. Nc3 {[%clk 1:16:21]} Bg4+
{[%clk 1:12:50]} 12. Bf3 {[%clk 1:14:03]} Bxf3+ {[%clk 1:12:11]} 13. Kxf3
{[%clk 1:14:29]} Nge7 {[%clk 1:08:34]} 14. Re1 {[%clk 1:11:02]} O-O-O
{[%clk 1:04:29]} 15. Na4 {[%clk 1:08:29]} Bc7 {[%clk 0:58:38]} 16. Bd2
{[%clk 0:54:51]} Ng6 {[%clk 0:54:58]} 17. Nac5 {[%clk 0:52:17]} Nge5+
{[%clk 0:52:56]} 18. Kg2 {[%clk 0:52:36]} Nc4 {[%clk 0:51:58]} 19. Nd3
{[%clk 0:51:33]} a5 {[%clk 0:43:41]} 20. a4 {[%clk 0:49:27]} b6 {[%clk 0:44:02]}
21. Re2 {[%clk 0:47:20]} Rhe8 {[%clk 0:41:17]} 22. Rae1 {[%clk 0:42:52]} Rxe2
{[%clk 0:41:39]} 23. Rxe2 {[%clk 0:43:19]} f6 {[%clk 0:35:40]} 24. f4
{[%clk 0:33:16]} Nd6 {[%clk 0:23:47]} 25. Ne1 {[%clk 0:28:34]} Nc4
{[%clk 0:21:48]} 26. Nd3 {[%clk 0:26:40]} Nd6 {[%clk 0:22:11]} 27. Re1
{[%clk 0:20:04]} Nf5 {[%clk 0:20:58]} 28. Be3 {[%clk 0:17:41]} Re8
{[%clk 0:19:25]} 29. Bc1 {[%clk 0:12:45]} Re4 {[%clk 0:13:52]} 30. Rxe4
{[%clk 0:07:53]} dxe4 {[%clk 0:14:19]} 31. Nf2 {[%clk 0:07:57]} Nd6
{[%clk 0:12:23]} 32. Kf1 {[%clk 0:06:42]} f5 {[%clk 0:11:53]} 33. Nd1
{[%clk 0:05:51]} Kd7 {[%clk 0:07:53]} 34. Ne3 {[%clk 0:05:31]} Bd8
{[%clk 0:06:03]} 35. c4 {[%clk 0:02:44]} Nb4 {[%clk 0:03:04]} 36. c5
{[%clk 0:01:39]} bxc5 {[%clk 0:02:45]} 37. Nxc5+ {[%clk 0:02:05]} Kc6
{[%clk 0:02:46]} 38. Nb3 {[%clk 0:02:01]} Bb6 {[%clk 0:01:53]} 39. Bd2
{[%clk 0:02:08]} Nd3 {[%clk 0:00:37]} 40. Nxa5+ {[%clk 0:00:53]} Bxa5
{[%clk 0:00:52]} 41. Bxa5 {[%clk 0:00:52]} Nxb2 {[%clk 0:00:41]} 42. Bc3
{[%clk 0:21:27]} Nxa4 {[%clk 0:24:07]} 43. Bxg7 {[%clk 0:21:50]} Nb6
{[%clk 0:23:17]} 44. h3 {[%clk 0:13:09]} Nbc4 {[%clk 0:17:13]} 45. Nc2
{[%clk 0:10:22]} Kd5 {[%clk 0:15:33]} 46. Ke2 {[%clk 0:08:30]} 1/2-1/2

[Event "Marianske Lazne 2023"]
[Site "?"]
[Date "2023.01.17"]
[Round "5.14"]
[White "Jasny, Stanislav"]
[Black "Stinka, Jakub"]
[Result "1-0"]
[BlackElo "2301"]
[WhiteElo "2245"]
[LiveChessVersion "1.4.8"]

1. d4 {[%clk 1:30:56]} Nf6 {[%clk 1:30:52]} 2. Nf3 {[%clk 1:31:10]} e6
{[%clk 1:30:41]} 3. e3 {[%clk 1:30:43]} d5 {[%clk 1:28:25]} 4. Bd3
{[%clk 1:26:09]} Be7 {[%clk 1:27:04]} 5. O-O {[%clk 1:25:17]} O-O
{[%clk 1:26:40]} 6. b3 {[%clk 1:25:36]} c5 {[%clk 1:24:11]} 7. Bb2
{[%clk 1:24:01]} b6 {[%clk 1:22:56]} 8. Nbd2 {[%clk 1:24:10]} Bb7
{[%clk 1:21:06]} 9. Ne5 {[%clk 1:21:27]} Nbd7 {[%clk 1:16:37]} 10. f4
{[%clk 1:20:34]} Ne4 {[%clk 1:13:45]} 11. Nxe4 {[%clk 1:15:03]} dxe4
{[%clk 1:13:42]} 12. Bb5 {[%clk 1:11:53]} Nf6 {[%clk 1:08:43]} 13. Bc6
{[%clk 1:06:23]} Qc7 {[%clk 1:07:16]} 14. Bxb7 {[%clk 1:06:43]} Qxb7
{[%clk 1:07:43]} 15. c4 {[%clk 1:06:47]} Rad8 {[%clk 0:57:55]} 16. Qe2
{[%clk 1:05:49]} Ne8 {[%clk 0:55:20]} 17. Rad1 {[%clk 0:58:55]} f6
{[%clk 0:52:39]} 18. Ng4 {[%clk 0:58:24]} cxd4 {[%clk 0:49:15]} 19. exd4
{[%clk 0:52:48]} Nc7 {[%clk 0:42:28]} 20. f5 {[%clk 0:40:17]} exf5
{[%clk 0:37:00]} 21. Rxf5 {[%clk 0:40:41]} Ne6 {[%clk 0:30:46]} 22. Kh1
{[%clk 0:35:28]} Bd6 {[%clk 0:24:48]} 23. Rdf1 {[%clk 0:33:53]} Be7
{[%clk 0:19:36]} 24. d5 {[%clk 0:33:36]} Nc5 {[%clk 0:19:39]} 25. Bd4
{[%clk 0:31:55]} Rde8 {[%clk 0:18:03]} 26. b4 {[%clk 0:30:37]} Nd7
{[%clk 0:17:13]} 27. a3 {[%clk 0:28:15]} a5 {[%clk 0:14:38]} 28. R5f4
{[%clk 0:23:38]} e3 {[%clk 0:09:13]} 29. R4f3 {[%clk 0:21:05]} Bd6
{[%clk 0:06:01]} 30. Rxe3 {[%clk 0:20:59]} Qc8 {[%clk 0:05:50]} 31. Re1
{[%clk 0:19:08]} Ne5 {[%clk 0:04:44]} 32. Nxe5 {[%clk 0:12:24]} fxe5
{[%clk 0:05:08]} 33. Bxe5 {[%clk 0:10:23]} Rxe5 {[%clk 0:05:12]} 34. Rxe5
{[%clk 0:10:45]} Bxe5 {[%clk 0:05:40]} 35. Qxe5 {[%clk 0:11:07]} Qxc4
{[%clk 0:06:01]} 36. Qe6+ {[%clk 0:11:30]} Kh8 {[%clk 0:06:18]} 37. Qf5
{[%clk 0:06:52]} Rg8 {[%clk 0:04:06]} 38. bxa5 {[%clk 0:06:53]} Qc3
{[%clk 0:03:26]} 39. Qe6 {[%clk 0:05:44]} bxa5 {[%clk 0:02:41]} 40. d6
{[%clk 0:05:02]} Qxa3 {[%clk 0:02:08]} 41. d7 {[%clk 0:05:25]} Qf8
{[%clk 0:01:51]} 42. Qxg8+ {[%clk 0:04:49]} 1-0

[Event "Marianske Lazne 2023"]
[Site "?"]
[Date "2023.01.17"]
[Round "5.15"]
[White "Paszewski, Mateusz"]
[Black "Goroshkov, Maksym"]
[Result "1/2-1/2"]
[BlackElo "2261"]
[WhiteElo "2303"]
[LiveChessVersion "1.4.8"]

1. e4 {[%clk 1:30:58]} d5 {[%clk 1:26:18]} 2. exd5 {[%clk 1:31:17]} Nf6
{[%clk 1:26:43]} 3. Nf3 {[%clk 1:31:09]} Nxd5 {[%clk 1:26:53]} 4. d4
{[%clk 1:31:29]} Bg4 {[%clk 1:26:27]} 5. c4 {[%clk 1:30:09]} Nb6 {[%clk 1:26:50]}
6. c5 {[%clk 1:29:16]} Bxf3 {[%clk 1:22:19]} 7. Qxf3 {[%clk 1:24:07]} Nd5
{[%clk 1:22:42]} 8. Nc3 {[%clk 1:21:21]} e6 {[%clk 1:14:47]} 9. Nxd5
{[%clk 1:06:37]} exd5 {[%clk 1:12:58]} 10. Bb5+ {[%clk 1:01:07]} c6
{[%clk 1:12:28]} 11. Bd3 {[%clk 1:01:29]} Be7 {[%clk 1:12:30]} 12. O-O
{[%clk 1:01:26]} O-O {[%clk 1:12:21]} 13. Bf4 {[%clk 0:57:50]} Nd7
{[%clk 1:10:41]} 14. b4 {[%clk 0:41:57]} Bf6 {[%clk 1:09:17]} 15. Be3
{[%clk 0:42:03]} a6 {[%clk 1:08:56]} 16. g3 {[%clk 0:34:41]} Re8 {[%clk 1:08:24]}
17. h4 {[%clk 0:33:37]} g6 {[%clk 1:07:47]} 18. Rad1 {[%clk 0:27:03]} Bg7
{[%clk 1:07:44]} 1/2-1/2

[Event "Marianske Lazne 2023"]
[Site "?"]
[Date "2023.01.17"]
[Round "5.16"]
[White "Mica, Marek"]
[Black "Garsky, Vladyslav"]
[Result "1-0"]
[BlackElo "2169"]
[WhiteElo "2244"]
[LiveChessVersion "1.4.8"]

1. d4 {[%clk 1:30:56]} d5 {[%clk 1:27:59]} 2. Nf3 {[%clk 1:31:12]} Nf6
{[%clk 1:27:21]} 3. Bf4 {[%clk 1:31:18]} e6 {[%clk 1:24:59]} 4. e3
{[%clk 1:31:16]} c5 {[%clk 1:24:15]} 5. c3 {[%clk 1:30:40]} Bd6 {[%clk 1:23:58]}
6. Bg3 {[%clk 1:29:53]} Qc7 {[%clk 1:23:11]} 7. dxc5 {[%clk 1:29:35]} Qxc5
{[%clk 1:22:53]} 8. Nbd2 {[%clk 1:29:40]} O-O {[%clk 1:06:07]} 9. Bd3
{[%clk 1:29:31]} Rd8 {[%clk 1:02:03]} 10. Qe2 {[%clk 1:29:21]} Nbd7
{[%clk 0:55:59]} 11. e4 {[%clk 1:23:12]} dxe4 {[%clk 0:54:22]} 12. Nxe4
{[%clk 1:23:10]} Nxe4 {[%clk 0:54:42]} 13. Qxe4 {[%clk 1:22:49]} Nf6
{[%clk 0:55:01]} 14. Qe2 {[%clk 1:22:32]} Bd7 {[%clk 0:54:03]} 15. Bxd6
{[%clk 1:21:28]} Qxd6 {[%clk 0:54:23]} 16. Ne5 {[%clk 1:21:13]} Be8
{[%clk 0:52:09]} 17. O-O-O {[%clk 1:20:41]} Qc5 {[%clk 0:51:14]} 18. g4
{[%clk 1:18:14]} Rd5 {[%clk 0:49:31]} 19. f4 Rad8 {[%clk 0:49:22]} 20. h4
{[%clk 1:13:55]} b5 {[%clk 0:39:39]} 21. g5 {[%clk 1:10:41]} Nd7 {[%clk 0:39:38]}
22. Be4 {[%clk 1:08:12]} Rxd1+ {[%clk 0:36:29]} 23. Rxd1 {[%clk 1:07:11]} b4
{[%clk 0:29:29]} 24. c4 {[%clk 1:06:02]} Kf8 {[%clk 0:24:27]} 25. Kb1
{[%clk 1:01:40]} f6 {[%clk 0:12:59]} 26. Nc6 {[%clk 0:53:13]} Rc8
{[%clk 0:12:57]} 27. Nd4 {[%clk 0:47:29]} Qxc4 {[%clk 0:12:39]} 28. Qxc4
{[%clk 0:47:14]} Rxc4 {[%clk 0:13:06]} 29. Nxe6+ {[%clk 0:47:26]} Ke7
{[%clk 0:12:51]} 30. Bd5 {[%clk 0:46:59]} Bg6+ {[%clk 0:12:50]} 31. Ka1
{[%clk 0:47:22]} Rc2 {[%clk 0:12:31]} 32. Nxg7 {[%clk 0:46:54]} Rf2
{[%clk 0:12:22]} 33. Be6 {[%clk 0:43:17]} Nc5 {[%clk 0:08:47]} 34. f5
{[%clk 0:42:23]} Bf7 {[%clk 0:07:01]} 35. b3 {[%clk 0:34:40]} Bxe6
{[%clk 0:06:34]} 36. fxe6 {[%clk 0:34:24]} fxg5 {[%clk 0:05:05]} 37. hxg5
{[%clk 0:34:12]} Kf8 {[%clk 0:02:43]} 38. Rd8+ {[%clk 0:11:52]} Ke7
{[%clk 0:02:30]} 39. Re8+ {[%clk 0:06:08]} Kd6 {[%clk 0:02:45]} 40. e7
{[%clk 0:02:49]} Ne4 {[%clk 0:01:25]} 41. Nf5+ {[%clk 0:29:58]} Rxf5
{[%clk 0:31:25]} 42. Rf8 {[%clk 0:30:21]} Re5 {[%clk 0:31:25]} 43. e8=Q
{[%clk 0:30:41]} Rxe8 {[%clk 0:31:48]} 44. Rxe8 {[%clk 0:30:58]} Nxg5
{[%clk 0:32:15]} 45. Ra8 {[%clk 0:30:39]} h5 {[%clk 0:32:04]} 46. Rh8
{[%clk 0:30:28]} Ne4 {[%clk 0:31:45]} 47. Rxh5 {[%clk 0:30:35]} Nc5
{[%clk 0:32:10]} 48. Rh7 {[%clk 0:30:15]} a6 {[%clk 0:32:23]} 49. Rh6+
{[%clk 0:30:34]} Kc7 {[%clk 0:32:26]} 50. Kb2 {[%clk 0:30:52]} a5
{[%clk 0:32:36]} 51. Kc2 {[%clk 0:29:00]} Kb7 {[%clk 0:30:53]} 52. Kd2
{[%clk 0:28:34]} Kc7 {[%clk 0:30:56]} 53. Ke3 {[%clk 0:27:47]} a4
{[%clk 0:31:15]} 54. bxa4 {[%clk 0:27:36]} Nxa4 {[%clk 0:31:38]} 55. Kd4
{[%clk 0:27:39]} Nc3 {[%clk 0:32:00]} 56. Rh2 {[%clk 0:27:47]} Kb6
{[%clk 0:32:27]} 57. Kc4 {[%clk 0:28:10]} Ka5 {[%clk 0:32:53]} 58. Kb3
{[%clk 0:26:51]} Kb5 {[%clk 0:33:07]} 59. Rh5+ {[%clk 0:27:13]} Kc6
{[%clk 0:33:24]} 60. Kxb4 {[%clk 0:27:05]} Nxa2+ {[%clk 0:33:44]} 61. Kc4
{[%clk 0:26:45]} Nc1 {[%clk 0:33:52]} 62. Rh2 {[%clk 0:27:06]} 1-0